000 00291nam a22001337a 4500
008 181219b xxu||||| |||| 00| 0 eng d
020 _a9780060159566
041 _aeng
080 _a316
100 _a50
101 _aSOC
245 _aLove Is Never Enough
_cBeck.A.T
942 _2udc
_cBK
999 _c53522
_d53522